| 000 | 00610nam a2200217 u 4500 | ||
|---|---|---|---|
| 005 | 20240228064254.0 | ||
| 008 | 170120s2007 r 000 0 eng d | ||
| 020 | _a9788424119133 | ||
| 035 | _aUPN01000215439 | ||
| 049 | _aI | ||
| 050 | 4 |
_aPZ78 _bS2.24 |
|
| 100 | 1 |
_aSayalero, Myriam _940098 |
|
| 245 | 1 | 0 |
_aAladino / _cadapt. de textos Myriam Sayalero ; il. Ada García. |
| 260 |
_aLeón, Esp. : _bEverest, _c2007. |
||
| 300 |
_a[16] p. : _bil. |
||
| 440 | 0 | _aGirasol | |
| 650 | 4 |
_aLibros y lectura para niños _92290 |
|
| 650 | 4 |
_aCuentos infantiles _96744 |
|
| 905 | _aInfantil | ||
| 999 |
_c187539 _d187539 |
||